000 00476cam a2200205 4500
001 D5553
008 090401t1982 xxu||||| |||| 00| 0 eng d
035 _a(Sirsi) u55495
041 _aeng
050 _a694.014
100 _aHickin, Norman E
245 4 _aThe woodworm problem
250 _a2nd
260 _aEast Grinstead
_bRentokil Ltd
_c1982
300 _a123p. ill. 24cm
350 _a6.5
490 _aThe Rentokil Library
942 _n0
948 _c04/03/1997
999 _c93618
_d93618